| 000 | 00667nam a2200229Ia 4500 | ||
|---|---|---|---|
| 003 | OSt | ||
| 005 | 20220923230705.0 | ||
| 006 | a|||||r|||| 00| 0 | ||
| 007 | ta | ||
| 008 | Pun | ||
| 024 | _a304,798 | ||
| 037 | _cTextual | ||
| 040 |
_aARTS _cARTS _bPun |
||
| 041 |
_2Pun _aPun |
||
| 082 | _aV236,4AN20.N7, 153L8 | ||
| 100 | _aਦਿਲਗੀਰ, ਹਰਜਿੰਦਰ ਸਿੰਘ | ||
| 245 | 0 | _aFੋ੍ਰਮਣੀ ਅਕਾਲੀ ਦਲ | |
| 260 | _c1965 | ||
| 650 | _aਭਾਰਤੀਯ ਇਤਿਹਾਸ | ||
| 942 |
_hV236,4AN20.N7, 153L8 _cTEXL _2CC |
||
| 999 |
_c386605 _d386605 |
||